Score 0/64 Timer 07:00
1 Play Today
Theme Word % Correct
Ladder 1 - MoviesLIAM
93.3%
Ladder 1 - MoviesDORM
88.4%
Ladder 1 - Movies◄NOON►
87.9%
Ladder 3 - Astronomy◄NOON►
87.9%
Ladder 2 - GeographyCHOP
87.3%
Ladder 1 - MoviesLEAR
86.8%
Ladder 2 - GeographyCOOK
85.7%
Ladder 2 - GeographyAHOY
84.8%
Ladder 3 - AstronomyHONK
83.6%
Ladder 4 - The letter RROOF
83.5%
Ladder 2 - GeographyCHOY
83.4%
Ladder 1 - Movies◄LIAR►
83.2%
Ladder 1 - MoviesLEAD
83.2%
Ladder 4 - The letter RWOOL
82.9%
Ladder 4 - The letter RTOOL
82.9%
Ladder 4 - The letter R◄RAIL►
82.9%
Ladder 1 - MoviesLEND
81.3%
Ladder 4 - The letter RRAIN
81.1%
Ladder 3 - AstronomyBOOK
80.8%
Ladder 4 - The letter RTOIL
80.6%
Ladder 3 - AstronomyHOOK
80.1%
Ladder 4 - The letter RPAWN
80%
Ladder 2 - GeographySKIT
79.7%
Ladder 4 - The letter RPAIN
79.5%
Ladder 4 - The letter RWOOF
79.1%
Ladder 4 - The letter RLAWN
78.6%
Ladder 2 - GeographySKIN
78.6%
Ladder 3 - AstronomyNOOK
78.5%
Ladder 3 - AstronomyBONA
78.4%
Ladder 4 - The letter RTAIL
78.2%
Ladder 1 - MoviesLENS
78.2%
Ladder 1 - MoviesFORM
78.1%
Theme Word % Correct
Ladder 4 - The letter RLAWS
77.8%
Ladder 2 - GeographyCO-OP
76.7%
Ladder 3 - AstronomyBONK
76.4%
Ladder 1 - MoviesFOAM
75.6%
Ladder 1 - MoviesDENS
75.3%
Ladder 1 - MoviesLOAM
74.4%
Ladder 2 - GeographyAKIN
74.3%
Ladder 2 - GeographySUIT
73.5%
Ladder 4 - The letter R◄RATS►
72.9%
Ladder 4 - The letter RSATS
72.2%
Ladder 4 - The letter RSAWS
71%
Ladder 3 - AstronomyHONE
70.4%
Ladder 2 - Geography◄SUEZ►
69.1%
Ladder 3 - AstronomyNONA
67.7%
Ladder 3 - AstronomyBOAR
67.4%
Ladder 3 - AstronomySOAR
65.5%
Ladder 2 - GeographyAVOY
65%
Ladder 2 - GeographySUET
64.5%
Ladder 3 - AstronomyBOOR
63.5%
Ladder 4 - The letter R◄ROOM►
63.5%
Ladder 3 - Astronomy◄STAR►
61.8%
Ladder 1 - Movies◄ZEUS►
61.8%
Ladder 2 - GeographyAKON
61.5%
Ladder 2 - Geography◄AVON►
61.2%
Ladder 1 - MoviesDEUS
59.6%
Ladder 1 - MoviesDORN
54.4%
Ladder 3 - Astronomy◄NOVA►
53.6%
Ladder 1 - MoviesNORN
51.7%
Ladder 2 - Geography◄MOOR►
49%
Ladder 2 - GeographyMOOK
45.4%
Ladder 3 - AstronomyHOVE
42.5%
Ladder 3 - AstronomyH.O.V.A.
39.7%

Today's Daily Dose

Missing Word
I Hardly Know Her!

Word Ladder
Sentence Ending

Quick Pick
Female Firsts

Get the Picture
Triathlon Sports

Remove Ads.
Support Sporcle.
Get the best of Sporcle when you Go Orange. This ad-free experience offers more features, more stats, and more fun while also helping to support Sporcle. Thank you for becoming a member.

You're not logged in!

Compare scores with friends on all Sporcle quizzes.
OR
Log In

Show Comments

Extras

Top Quizzes Today


Score Distribution

Your Account Isn't Verified!

In order to create a playlist on Sporcle, you need to verify the email address you used during registration. Go to your Sporcle Settings to finish the process.

Report this User

Report this user for behavior that violates our Community Guidelines.

Details: